| 000 -LEADER |
| fixed length control field |
00995nam a22001937a 4500 |
| 003 - CONTROL NUMBER IDENTIFIER |
| control field |
OSt |
| 005 - DATE AND TIME OF LATEST TRANSACTION |
| control field |
20230914150213.0 |
| 008 - FIXED-LENGTH DATA ELEMENTS--GENERAL INFORMATION |
| fixed length control field |
230914b ||||| |||| 00| 0 eng d |
| 020 ## - INTERNATIONAL STANDARD BOOK NUMBER |
| International Standard Book Number |
9780571233663 |
| 040 ## - CATALOGING SOURCE |
| Transcribing agency |
KH8 |
| 082 ## - DEWEY DECIMAL CLASSIFICATION NUMBER |
| Classification number |
812.6 BLA |
| 100 ## - MAIN ENTRY--PERSONAL NAME |
| Personal name |
Blank, Jessica, |
| Relator term |
author. |
| 245 ## - TITLE STATEMENT |
| Title |
The Exonerated / |
| Statement of responsibility, etc. |
Jessica Blank and Erik Jensen. |
| 260 ## - PUBLICATION, DISTRIBUTION, ETC. |
| Place of publication, distribution, etc. |
New York ; |
| Name of publisher, distributor, etc. |
Faber & Faber , |
| Date of publication, distribution, etc. |
2006. |
| 300 ## - PHYSICAL DESCRIPTION |
| Extent |
78 pages ; |
| Dimensions |
12.5 cm x 19.7 cm. |
| 520 ## - SUMMARY, ETC. |
| Summary, etc. |
What does it truly mean to be exonerated? The dictionary says it is to be proclaimed innocent after having been convicted of a crime. But what effect does it have on a person - a soul, a life - to have one's freedom and self-respect stripped away and then, ostensibly, returned after decades of incarceration? "The Exonerated" attempts to answer this question, through the words of six innocent men and women who emerged from years on death row to reclaim what is left of their lives? |
| 700 ## - ADDED ENTRY--PERSONAL NAME |
| Personal name |
Jensen, Erik, |
| Relator term |
author. |
| 942 ## - ADDED ENTRY ELEMENTS (KOHA) |
| Source of classification or shelving scheme |
|
| Koha item type |
Teaching Resources |